Normal view
MARC view
Entry Geographic Name
001 - CONTROL NUMBER
- control field: 32158
003 - CONTROL NUMBER IDENTIFIER
- control field: ARRUPE
005 - DATE AND TIME OF LATEST TRANSACTION
- control field: 20170605095639.0
008 - FIXED-LENGTH DATA ELEMENTS
- fixed length control field: 170605|| aca||aabn | a|a d
040 ## - CATALOGING SOURCE
- Original cataloging agency: ARRUPE
- Transcribing agency: ARRUPE
151 ## - HEADING--GEOGRAPHIC NAME
- Geographic name: Ashanti (Kingdom)
- General subdivision: Politics and government.
670 ## - SOURCE DATA FOUND
- Source citation: Work cat.: (ARRUPE)13316: Wilks, Ivor. 32156, Asante in the nineteenth century :, 1975.